00398nam a2200157Ia 4500008004100000020001800041040001200059082001300071100004900084245003800133250001100171260002800182300000800210942000700218999001500225200103s9999||||xx |||||||||||||| ||und|| a9788132110095 aIMU-MPC aColumn-5 aGangopadhyay, Shubhashis and Santhakumar, V. 0aLaw and Economics, Vol. 1: Theory aVol. 1 bSAGE Publicationsc2013 a174 cBK c3513d3513